000 01160pam a2200349 a 4500
001 3391
003 FISKH
005 20240301120409.0
008 900111s1990 nyua j 000 1 eng
010 _a 90030624
020 _a053105893X :
020 _a0531084930 (lib. bdg.)
020 _a9780590603515
040 _aDLC
_cDLC
_dDLC
_beng
042 _alcac
050 0 0 _aPZ7.A953
_bTr 1990
082 0 0 _a[Fic]
_220
100 0 _aAvi,
_d1937-
245 1 4 _aThe true confessions of Charlotte Doyle /
_cAvi ; decorations by Ruth E. Murray.
260 _aNew York :
_bScholastic,
_c1990.
300 _a215 pages :
_billustrations ;
_c23 cm
500 _a"A Richard Jackson book"--Half t.p.
520 _aAs the only passenger, and the only female, on a transatlantic voyage in 1832, thirteen-year-old Charlotte finds herself caught between a murderous captain and a mutinous crew.
650 1 _aMutiny
_vFiction.
650 1 _aSex role
_vFiction.
650 1 _aSelf-perception
_vFiction.
650 1 _aShips
_vFiction.
650 1 _aSea stories.
906 _a7
_bcbc
_corignew
_d1
_eocip
_f19
_gy-gencatlg
942 _2ddc
_cBK
_n0
999 _c3391
_d3391